000 00281nam a2200121Ia 4500
008 260210s9999 xx 000 0 und d
020 _a9789881296979
100 _aTONG JIALIN
245 0 _aINTERIOR LANDSCAPE
260 _bDESIGN MEDIA PUB 2014
260 _c2014
942 _cBDES
999 _c14061
_d14061